Capitais regiões separatistas - Statistics

Estatísticas Gerais
  • Esse quiz foi jogado 29 vezes
  • A pontuação média é 6 de 13
Estatísticas das Respostas
Hint Resposta % Correto
Catalunha Barcelona
91%
Palestina Ramallah
64%
Donetsk Donetsk
55%
Lugansk Lugansk
55%
Saara Ocidental El Aiune
45%
Somalilandia Hargeisa
45%
Chipre do norte Nicosia do norte
45%
Cabinda Cabinda
36%
Abecasia Sakhumi
36%
Biafra Enugu
27%
Pais basco Vitoria-Gasteiz
27%
Puntlandia Garoowe
27%
Ossetia do sul Tskhinvali
27%
Nenhum quiz correspondente encontrado
Distribuição das Pontuações
Porcentagem de Pessoas com Cada Pontuação
Percentil de Números Respondidos
Sua Pontuação Histórica
Você não jogou esse quiz